GELE BLOKKEN Stikstof- Lyrics - Statistieken

Algemene statistieken
  • Deze quiz is 18 keer genomen
  • De gemiddelde score is 187 van 351
Antwoordstatistieken
Antwoord % Correct
de
100%
De
100%
die
92%
een
92%
Ge
92%
op
92%
Op
92%
blokken
83%
bus
83%
Gele
83%
het
83%
Het
83%
hij
83%
in
83%
van
83%
basic
75%
binnen
75%
binnenzak
75%
binnenzat
75%
fiets
75%
kreeg
75%
langs
75%
man
75%
mes
75%
oostblokkers
75%
Tiguan
75%
toe
75%
toen
75%
Twee
75%
Vlijmscherp
75%
basic-fit
67%
door
67%
Door
67%
er
67%
geleverd
67%
macadam
67%
niet
67%
nog
67%
vest
67%
als
58%
Drie
58%
En
58%
en
58%
sportzakken
58%
Uit
58%
waar
58%
Zwarte
58%
af
50%
alleen
50%
Amsterdam
50%
Audi
50%
blijft
50%
dat
50%
gebeurt
50%
Heli
50%
hoek
50%
Iedereen
50%
is
50%
maar
50%
Mannen
50%
meer
50%
niemand
50%
niets
50%
over
50%
richting
50%
speciaal
50%
staan
50%
ze
50%
Ze
50%
achterdeur
42%
achtergrond
42%
achterkomt
42%
alles
42%
blijven
42%
boven
42%
dames
42%
even
42%
fietspad
42%
fietszak
42%
gaat
42%
had
42%
halte
42%
hier
42%
Hier
42%
Jongens
42%
kilo
42%
kom
42%
Kom
42%
komt
42%
Laat
42%
moet
42%
onder
42%
Paki
42%
Politie
42%
praten
42%
snel
42%
stuk
42%
verdwijnt
42%
waarvan
42%
wapens
42%
zo
42%
agent
33%
alcoholiek
33%
Blikken
33%
blikken
33%
brug
33%
buiten
33%
buren
33%
cola
33%
Coma
33%
Daar
33%
dicht
33%
druk
33%
duiven
33%
gebukt
33%
glas
33%
grond
33%
later
33%
ligt
33%
linksaf
33%
logisch
33%
maakt
33%
markt
33%
miniramp
33%
naar
33%
net
33%
Overdag
33%
rolluiken
33%
schieten
33%
slaat
33%
spreken
33%
steen
33%
taal
33%
vangen
33%
Vier
33%
vrouw
33%
want
33%
Weer
33%
weer
33%
weken
33%
weten
33%
wijk
33%
Wis
33%
zeggen
33%
zich
33%
zitten
33%
aan
25%
Boodschap
25%
buitenstaander
25%
buitenwipper
25%
Cameras
25%
doet
25%
elke
25%
Gesprek
25%
Gewisse
25%
golf
25%
Grijze
25%
hand
25%
hart
25%
Helikopter
25%
ingewikkeld
25%
lichte
25%
om
25%
rand
25%
ruitenwisser
25%
stad
25%
Verbrand
25%
voor
25%
winkel
25%
zien
25%
bedek
17%
Bericht
17%
bouger
17%
contant
17%
Enkel
17%
geteld
17%
gewist
17%
heerst
17%
kent
17%
Klant
17%
koop
17%
kwartier
17%
land
17%
leggen
17%
leven
17%
lieten
17%
lopen
17%
nek
17%
pas
17%
rat
17%
Schrikken
17%
Tand
17%
tand
17%
te
17%
Tranquille
17%
uw
17%
verder
17%
vocht
17%
weg
17%
beetje
8%
bikkelhard
8%
degene
8%
dorpse
8%
gans
8%
metafoor
8%
ook
8%
sfeer
8%
Zelfs
8%
zowat
8%
ontspannen
0%
vrij
0%
Geen overeenkomende quizzen gevonden
Scoreverdeling
Procent van Mensen met Elke Score
Percentiel versus Aantal Correcte Antwoorden
Uw Scoregeschiedenis
U heeft deze quiz nog niet genomen